La corte santa (Record no. 8483)
[ view plain ]
| 000 -CABECERA | |
|---|---|
| campo de control de longitud fija | 00969nam a2200229 a 4500 |
| 001 - NÚMERO DE CONTROL | |
| campo de control | BRCA_8832 |
| 005 - FECHA Y HORA DE LA ÚLTIMA TRANSACCIÓN | |
| campo de control | 20190320210429.0 |
| 008 - DATOS DE LONGITUD FIJA--INFORMACIÓN GENERAL | |
| campo de control de longitud fija | 050517s1750----sp-#######---#000-0#spa-# |
| 041 ## - CÓDIGO DE LENGUA | |
| Código de lengua del texto/banda sonora o título independiente | spa |
| 044 ## - CÓDIGO DEL PAÍS DE LA ENTIDAD EDITORA/PRODUCTORA | |
| Código MARC del país | sp |
| 084 ## - OTRO NÚMERO DE CLASIFICACIÓN | |
| Número de clasificación | BE213 |
| Número de documento/Ítem | .C38 1750 |
| 100 1# - ENTRADA PRINCIPAL--NOMBRE DE PERSONA | |
| Nombre de persona | Causino, Nicolas |
| Fechas asociadas al nombre | 1583 - 1651 |
| 9 (RLIN) | 22010 |
| 245 10 - MENCIÓN DE TÍTULO | |
| Título | La corte santa |
| Mención de responsabilidad, etc. | escrita en francés por el Rmo. P. Nicolas Causino; traducida en castellano por D. Pedro Gonzalez de Godoy; tomo diez y seis, en que se trata del reyno de Dios, y se prosigue las disertaciones sobre los libros de los reyes. |
| 260 ## - PUBLICACIÓN, DISTRIBUCIÓN, ETC. | |
| Lugar de publicación, distribución, etc. | Madrid |
| Nombre del editor, distribuidor, etc. | En la Imprenta de Antonio Perez de Soto |
| Fecha de publicación, distribución, etc. | 1750 |
| 300 ## - DESCRIPCIÓN FÍSICA | |
| Extensión | [4], 432 p. (t.16) |
| Dimensiones | 15.1 x 10.5 cm. |
| 500 ## - NOTA GENERAL | |
| Nota general | Con las Aprobaciones, y Licencias necessarias |
| 500 ## - NOTA GENERAL | |
| Nota general | Estado físico: presenta encuadernación en pergamino, con cintas rotas |
| 650 14 - PUNTO DE ACCESO ADICIONAL DE MATERIA--TÉRMINO DE MATERIA | |
| Término de materia o nombre geográfico como elemento de entrada | Vida cristiana |
| Subdivisión cronológica | Obras anteriores a 1800 |
| 9 (RLIN) | 21266 |
| 700 1# - PUNTO DE ACCESO ADICIONAL--NOMBRE DE PERSONA | |
| Nombre de persona | Gonzales de Godoy, Pedro |
| Término indicativo de función/relación | tr. |
| 9 (RLIN) | 22011 |
| 902 ## - CATALOGADOR | |
| Iniciales | CFM |
| 942 ## - ELEMENTOS DE PUNTO DE ACCESO ADICIONAL (KOHA) | |
| Fuente del sistema de clasificación o colocación | Library of Congress Classification |
| Tipo de ítem Koha | Libros |
| Estado de retiro | Estado de pérdida | Estado dañado | No para préstamo | Localización permanente | Ubicación/localización actual | Fecha de adquisición | Total de préstamos | Signatura topográfica completa | Código de barras | Fecha visto por última vez | Precio válido a partir de | Tipo de ítem Koha |
|---|---|---|---|---|---|---|---|---|---|---|---|---|
| El ejemplar forma parte de la colección y puede ser consultado según las políticas vigentes. | Biblioteca del Museo Franz Mayer (Rogerio Casas-Alatriste) | Biblioteca del Museo Franz Mayer (Rogerio Casas-Alatriste) | 05/05/2017 | BE213 .C38 1750 | CFM00159 | 22/03/2019 | 22/03/2019 | Libros |